Регионална библиотека "Любен Каравелов" - Русе

Големите загадки (Запис номер 31900)

MARC детайли
000 -Лидер
Контролно поле с фиксирана дължина 01291nam a2200361 c 4500
003 - Код на организацията, давaща контролен номер
Контролно поле BLK
005 - Дата и час на последна редакция
Контролно поле 20210127132023.0
008 - Елементи от данни с фиксирана дължина
fixed length control field 180407b bul|||||r ||||||| ||bul||
010 ## - Наследен системен номер
LC control number KNG00034565000
020 ## - Международен стандартен номер на книга ISBN
Международен стандартен номер на книга ISBN 954-8517-21-3
040 ## - Източник на каталожния запис
Идентификатор на билиотеката - собственик на записа BLK
041 ## - Код за език
Код за езика на текст/звукозапис или на отделно заглавие Български
Код за езика КДБФ Български
080 ## - УДК
Текстов определител УДК История на цивилизацията. История на културата
УДК код - определител по УДК 930.85
УДК - код + определител 930.85
139 ## - Редно поле
Редна дума Големите загадки
Авторски знак Гол - Г 63
245 10 - Сведения за заглавието
Заглавие Големите загадки
Редно поле (дума) ред. Jagues Marseille; прев. от фр. Милен Атанасов.
257 ## - Страна на издаване
Страна на създаване/издаване Франция
260 ## - Област на издателските данни
Име на издателя, разпространителя и проч. ICON
Година на издаване 2000
Печатница София : Д. Благоев ЕОД
Място на издаване, разпространение и проч. София
300 ## - Физическа характеристика
Страници 320 с.
Илюстрации и др. с ил.
Размери/Мащаб 30 см
380 ## - Жанр
Жанр История
490 1# - СЕРИИ (Колекции)
Име на серия Larousse
490 ## - СЕРИИ (Колекции)
Име на серия Паметта на човечеството
9 (RLIN) 201537
500 ## - Общи забележки
Забележка Офс. изд.
650 #4 - Допълнително описание по предмет – тема
Основно описание – тема или топоним Цивилизация - история
9 (RLIN) 250724
653 ## - Ключова дума – ненормативна
Ключова дума цивилизации
653 ## - Ключова дума – ненормативна
Ключова дума история
700 1# - Други автори (авторска отговорност)
Лично име Marseille, Jagues
Автороска отговорност (Описва отношението между автора и произведението) ред.
9 (RLIN) 17962
700 1# - Други автори (авторска отговорност)
Лично име Атанасов, Милен
Автороска отговорност (Описва отношението между автора и произведението) прев. от фр.
9 (RLIN) 366719
852 ## - Местоположение
Форматна сигнатура Цб ІІ 11025
856 4# - Електронен адрес и достъп
Електронен формат pdf - файл
856 4# - Електронен адрес и достъп
Електронен формат pdf - файл
999 ## - СИСТЕМНИ КОНТРОЛНИ НОМЕРА
Koha biblionumber 31900
Koha biblioitemnumber 31900
942 ## - АРТИКУЛИ
Вид на библиотечния материал Книги
Скрит в OPAC Не
Периодичен библиозапис Да
944 ## - СЪЗДАВАНЕ И РЕДАКЦИЯ на ЗАПИСА
Създаване/Редакция Създаване
Дата на регистрацията/редакция 15.01.2003
Служител, извършил регистрацията/редакцията Наталия_Медовщикова
944 ## - СЪЗДАВАНЕ И РЕДАКЦИЯ на ЗАПИСА
Създаване/Редакция Редакция
Дата на регистрацията/редакция 10.05.2004
999 ## - СИСТЕМНИ КОНТРОЛНИ НОМЕРА
Koha biblioitemnumber 31900
999 ## - СИСТЕМНИ КОНТРОЛНИ НОМЕРА
Koha biblioitemnumber 31900
Наличности
Код за отписване Код за изгубен артикул Източник на класификационната схема Код за повреда Коз за рестрикции Код за отдаване Артикулен № Име на библиотеката - собственик Име на библиотеката, в която се намира в момента Статус (Текущо местоположение) Дата на вписване в системата Местоположение - отдел Цена в лева Инвентарен номер Систематично азбучна сигнатура Баркод Номер на екземпляра Цена в евро Служебна бележка Служебен тип на артикула
  Не е изгубен Universal Decimal Classification Не е повреден без рестрикции заемане за дома 50760 Регионална библиотека "Любен Каравелов" Русе Регионална библиотека "Любен Каравелов" Русе Детски отдел 2001-01-01 Детски отдел 45.00 660900 ДН 93/99/Г 63 120000660900 1 23.01 Дост: Pk Вид: Ф N: стар фонд Дата: 01.01.2000 Дата инв: 21.08.2015 Бележки инв: Д2015 Книги
  Не е изгубен Universal Decimal Classification Не е повреден без рестрикции ползва се в читалня 50761 Регионална библиотека "Любен Каравелов" Русе Регионална библиотека "Любен Каравелов" Русе Хранилище 2001-01-01 Хранилище 45.00 661403 Цб II 11025 120000661403 2 23.01 Дост: Dp Вид: Д N: стар фонд Дата: 01.01.2000 Книги
  Не е изгубен Universal Decimal Classification Не е повреден без рестрикции ползва се в читалня 50762 Регионална библиотека "Любен Каравелов" Русе Регионална библиотека "Любен Каравелов" Русе Хранилище 2004-05-10 Хранилище 45.00 120000685307 Цб ІІ 11025 120000685307 3 23.01 Дост: Dp Вид: Д N: 27 Дата: 25.06.2003 Книги
Vip Innovations Ltd, Rousse, Bulgaria 2025